El abecedario: La letra C. (Registro nro. 84012)
[ vista simple ]
| 001 - NÚMERO DE CONTROL | |
|---|---|
| campo de control | 194672 |
| 005 - FECHA Y HORA DE LA ÚLTIMA TRANSACCIÓN | |
| campo de control | 20260130100612.0 |
| 008 - DATOS DE LONGITUD FIJA--INFORMACIÓN GENERAL | |
| campo de control de longitud fija | 980603e19960401 spa |
| 035 ## - NÚMERO DE CONTROL DEL SISTEMA | |
| Número de control de sistema | 194672 |
| 035 ## - NÚMERO DE CONTROL DEL SISTEMA | |
| Número de control de sistema | (OCoLC)819762810 |
| 040 ## - FUENTE DE LA CATALOGACIÓN | |
| Centro/agencia transcriptor | comduadb |
| 041 ## - CÓDIGO DE LENGUA | |
| Código de lengua del texto/banda sonora o título independiente | spa |
| 100 10 - ENTRADA PRINCIPAL--NOMBRE DE PERSONA | |
| Nombre de persona | Deleuze, Gilles, |
| Fechas asociadas al nombre | 1925-1995 |
| Código de función | aut |
| Número de control del registro de autoridad o número normalizado | (isni)0000 0001 2277 323X |
| -- | (viaf)22140703 |
| Término indicativo de función/relación | Autor/a |
| 9 (RLIN) | 504264 |
| 245 13 - MENCIÓN DE TÍTULO | |
| Título | El abecedario: La letra C. |
| 600 14 - PUNTO DE ACCESO ADICIONAL DE MATERIA--NOMBRE DE PERSONA | |
| Nombre de persona | Deleuze, Gilles, |
| Fechas asociadas al nombre | 1925-1995 |
| Código de función | aut |
| Número de control del registro de autoridad o número normalizado | (isni)0000 0001 2277 323X |
| -- | (viaf)22140703 |
| 9 (RLIN) | 504264 |
| 650 ## - PUNTO DE ACCESO ADICIONAL DE MATERIA--TÉRMINO DE MATERIA | |
| Término de materia o nombre geográfico como elemento de entrada | Deleuze, Gilles, 1925-1995 - Pensamiento filosófico |
| 9 (RLIN) | 36627 |
| 650 #7 - PUNTO DE ACCESO ADICIONAL DE MATERIA--TÉRMINO DE MATERIA | |
| Término de materia o nombre geográfico como elemento de entrada | Entrevistas |
| Fuente del encabezamiento o término | armarc |
| 9 (RLIN) | 132 |
| 773 0# - ENLACE AL DOCUMENTO FUENTE/ENTRADA DE REGISTRO ANFITRIÓN | |
| Título | Revista Universidad del Valle (Cali) |
| Parte(s) relacionada(s) | No. 13, Abr. 1996, p. 139-141 |
| Número de control del registro | 184364 |
| Número Internacional Normalizado para Publicaciones Seriadas | 0120-4696 |
| Número bibliográfico anfitrión | 83290 |
| 942 ## - ELEMENTOS DE ENTRADA AGREGADA (KOHA) | |
| Tipo de ítem Koha | Artículo de Revista |
No hay ítems disponibles.